Harry Potter Quiz - Statistiken

Allgemein
  • Dieses Quiz wurde 5.680 mal gespielt
  • Das Durchschnittsergebnis liegt bei 20 aus 37
Antwortstatistiken
Frage Antwort % Korrekt
Wer hat Harrys Eltern umgebracht? Voldemort
92%
Wen aus der magischen Welt lernt Harry als erstes kennen? Rubeus Hagrid
91%
Welches Tier ist Harrys Patronus? Hirsch
89%
Wen hat Harry geheiratet? Ginny Weasley
88%
Wie heißt Harrys Pate? Sirius Black
88%
Wie heißt die Familie, bei der Harry nach dem Tod seiner Eltern wohnt? Dursley
85%
Wie viele Geschwister hat Ron? 6
84%
Wie lautet Harrys zweiter Vorname? James
84%
Vor was hat Ron am meisten Angst? Spinnen
81%
In welches Tier verwandelt Hermine sich teilweise, nach dem Vielsafttrank-Unfall? Katze
79%
Wieviele Kinder bekommt Hermine zusammen mit ihrem Ron? 2
76%
Welches Tier symbolisiert Slytherin? Schlange
76%
Welches Tier symbolisiert Gryffindor? Löwe
72%
Wie heißt Rons Ratte? Krätze
69%
Mit wem tanzt Hermine auf dem Weihnachtsball? Victor Krum
67%
Wie heißt Rons ältester Bruder? Bill
64%
Welche Posotion spielt Ron in der Gryffindor Quidditch Mannschaft? Hüter
59%
Welches Tier symbolisiert Hufflepuff? Dachs
58%
Mit welchem Gegenstand schafft sie es, im 3. Jahr noch mehr Schulfächer zu belegen? Zeitumkehrer
55%
Wie heißt Hermines Haustier? Krummbein
54%
Wie heißt Harrys zweiter Sohn? Albus Severus
53%
Welches Tier symbolisiert Ravenclaw? Adler
52%
Welches Tier ist Hermines Patronus? Otter
46%
Wo hat Harry mit seinen Eltern gelebt, als diese noch lebten? Godrics Hollow
42%
Wer ist Rons ertse Freundin? Lavender Brown
40%
Wohin wandern Hermines Eltern aus, nachdem sie Sie verzaubert hat? Australien
34%
Wo lernte Harry Ron kennen? Gleis 9 3/4
33%
Wie heißt die Elfen-Organisation, die Hermine gegründet hat? B.ELFE.R
29%
Wie heißt Hermines und Rons Tochter? Rose
28%
Wie lautet Hermines zweiter Vorname? Jean
27%
In welchem Jahrhundert wurde Hogwarts erbaut? 10.
20%
Wie heißt Ron mit vollem Namen? Ronald Bilius Weasley
16%
Wie lautet Albus Dumbledores voller Name? Albus Percival Wulfric Brian Dumbledore
15%
Wann wurde Harry Potter geboren? 31.07.1980
11%
Von welchem Quidditch Team ist Ron Fan? Chudley Cannons
9%
Welches Tier ist Rons Patronus? Jack Russel Terrier
8%
Was bedeuted das Schulmotto: Draco dormiens nunquam titillandus? Kitzle nie einen schlafenden Drachen
6%
Keine übereinstimmenden Quizze gefunden
Verteilung der Resultate
Anzahl Personen mit jedem Resultat
Perzentil nach korrekt beantworteten Fragen
Ihre Resultats-Entwicklung
Sie haben dieses Quiz noch nicht gespielt